Searching the world's greatest book. (Record no. 3394)

000 -LEADER
fixed length control field 00556nam a2200181 a 4500
001 - CONTROL NUMBER
control field :::00001124$&:&@@
003 - CONTROL NUMBER IDENTIFIER
control field OkBaRHE
005 - DATE AND TIME OF LATEST TRANSACTION
control field 20000607103241.0
008 - FIXED-LENGTH DATA ELEMENTS--GENERAL INFORMATION
fixed length control field s1942 j 000 0 eng u
040 ## - CATALOGING SOURCE
Transcribing agency
100 1# - MAIN ENTRY--PERSONAL NAME
Personal name Miller, Basil William, 1897-
245 10 - TITLE STATEMENT
Title Searching the world's greatest book.
260 ## - PUBLICATION, DISTRIBUTION, ETC. (IMPRINT)
Place of publication, distribution, etc Kansas City, MO., :
Name of publisher, distributor, etc Beacon Hill Press
Date of publication, distribution, etc c1942
300 ## - PHYSICAL DESCRIPTION
Extent 102 p. ;
Dimensions 20 cm.
650 ## - SUBJECT ADDED ENTRY--TOPICAL TERM
Topical term or geographic name as entry element Bible
General subdivision Theology
942 ## - ADDED ENTRY ELEMENTS (KOHA)
Source of classification or shelving scheme
Koha item type Books
Copies
Withdrawn status Date last seen Not for loan Source of classification or shelving scheme Lost status Barcode Damaged status Koha item type Price effective from Shelving location Date acquired Copy number Permanent Location Full call number
 2018-02-16   1124 Books2010-04-14General Stacks2010-04-141RHEMA Bible Training CollegeBS 543 .M522